000 00758cam a2200265 4500500
005 20260405002534.0
041 _afre
042 _adc
100 1 0 _aTesson, Sylvain
_eauthor
245 0 0 _aY a-t-il encore une vérité ?
260 _c2017.
500 _a49
690 _aClaudine Tiercelin
690 _aComplotisme
690 _aCritères
690 _aDonald Trump
690 _aFake news
690 _aGayatri Spivak
690 _aMichel Serres
690 _aPost-vérité
690 _aThéorie du complot
690 _aVérité
786 0 _nPhilosophie magazine | 113 | 10 | 2017-10-01 | p. 21-21 | 1951-1787
856 4 1 _uhttps://shs.cairn.info/magazine-philosophie-magazine-2017-10-page-21?lang=fr&redirect-ssocas=7080
999 _c2058667
_d2058667